Welcome to the Holygrace Academy Library

Please use search bar below to get started

ALL IN ONE PHYSICS (Record no. 665)

MARC details
000 -LEADER
fixed length control field 00311nam a22001337a 4500
020 ## - INTERNATIONAL STANDARD BOOK NUMBER
ISBN 978-93-5203-389-8
082 ## - DEWEY DECIMAL CLASSIFICATION NUMBER
Classification number 530
Item number AGA/P
100 ## - MAIN ENTRY--AUTHOR NAME
Personal name KESHAV MOHAN AGARWAL
245 ## - TITLE STATEMENT
Title ALL IN ONE PHYSICS
Remainder of title CLASS XII
260 ## - PUBLICATION, DISTRIBUTION, ETC. (IMPRINT)
Place of publication MEERUT
Name of publisher ARIHANT
300 ## - PHYSICAL DESCRIPTION
Number of Pages 639
650 ## - SUBJECT ADDED ENTRY--TOPICAL TERM
Topical Term PHYSICS FOR CLASS XII
Geographic subdivision INDIA
942 ## - ADDED ENTRY ELEMENTS (KOHA)
Koha item type Books
Holdings
Withdrawn status Lost status Collection code Home library Current library Shelving location Date acquired Source of acquisition Cost, normal purchase price Full call number Accession Number Koha item type
    Reference Main Library Main Library SHELF-9 A XII PHYSICS 01/10/2015 purchase 425.00 530 AGA/P 09568 Books